MUSAS EN GUERRA: POESIA, ARTE Y CULTURA EN LA NUEVA NICARAGUA: 1974-1986/

INCLUYE BIBLIOGRAFIA

Guardat en:
Dades bibliogràfiques
Altres autors: Oviedo, José Miguel (selección) (selección)
Format: Llibre
Matèries:
Etiquetes: Afegir etiqueta
Sense etiquetes, Sigues el primer a etiquetar aquest registre!

MARC

LEADER 00000nam^a2200000^a^4500
001 000224153
005 20250521000000.0
009 20260310104041.087
020 |a 968-27-0235-6 
035 |a 042665 
037 |a Acervo Xavier Clavigero 
082 |a 861. 4  |b MUS 
245 1 0 |a MUSAS EN GUERRA:  |b POESIA, ARTE Y CULTURA EN LA NUEVA NICARAGUA: 1974-1986/  |c SELEC. JOSE MIGUEL OVIEDO 
264 |a México :  |b Joaquín Mortiz,  |c 1987 
300 |a 202p. 
336 |a texto  |b txt  |2 rdacontenido 
337 |a sin mediación  |b n  |2 rdamedio 
338 |a volumen  |b nc  |2 rdasoporte 
520 |a INCLUYE BIBLIOGRAFIA 
649 |a XX 
650 |a POESIA NICARAGUENSE -  |x SIGLO XX 
650 |a Escritores Nicaragüenses 
650 |a LITERATURA NICARAGUESE -  |x SIGLO XX -  |x HISTORIA Y CRITICA 
700 |a Oviedo, José Miguel  |e (selección) 
910 |a Fondo General 
920 |a Impresos - Libros 
930 |a Colección General 
940 |a Literatura 
905 |a 101 
901 |a 042665  |b IT1  |c LIT  |i 042665  |u 20250521 
902 |a https://opac.biblio.iteso.mx/vufind/Record/000224153